NLSUI OPAC header image

Open source software and antitrust issues (Record no. 217025)

MARC details
000 -LEADER
fixed length control field 01737nam a2200145Ia 4500
005 - DATE AND TIME OF LATEST TRANSACTION
control field 20260209120130.0
008 - FIXED-LENGTH DATA ELEMENTS--GENERAL INFORMATION
fixed length control field 260209s9999||||xx |||||||||||||| ||und||
100 ## - MAIN ENTRY--PERSONAL NAME
Personal name Mayank Mishra
245 #0 - TITLE STATEMENT
Title Open source software and antitrust issues
260 ## - PUBLICATION, DISTRIBUTION, ETC.
Place of publication, distribution, etc. BangaloreBangalore
Name of publisher, distributor, etc. NLSIU
Date of publication, distribution, etc. 2012
300 ## - PHYSICAL DESCRIPTION
Extent 88 p. ; 25 cm.
505 ## - FORMATTED CONTENTS NOTE
Formatted contents note Table of contents Introduction ; 1. Open Source Softwares - An Overview ; 1.1 Softwares and Evolution of OSS ; 1.2 Definition and Characteristics of OSS ; l.3 OSS Licenses ; l.3.1 GNU GPL ; l.3 .2 GNU LGPL ; l.3 .3 GNU FDL ; 1.4 OSS - Social perspective; 2. Market regulation of Software Market ; 2.1 Antitrust - Effects on the market; 2.2 Software market governance by antitrust regulations ; 2.3 Demystification of some basic concepts ; 2.3.1 Softwares - "Goods" or "services"? ; 2.3.2 Determining relevant market for Softwares under Antitrust law; 3. Anticompetitive Agreements ; 3.1 Exposition of Section 3 and its significance with respect to Microsoft case ; 3.2 OSS and Anticompetitive agreements by Proprietary Software developers ; 3.3 IPR as an exception ; 4. Abuse of Dominant Position ; 4.1 Acquiring dominant position in the market; 4.2 Abusive practices ; 4.2.1 Pricing practices ; 4.2.2 Non Pricing practices ; 4.3 Software enterprises abusing dominant position ; 4.3.1 US position ; 4.3.2 EU position ; 4.3.3 Indian position ; 5. Combinations ; 5.1 Legislative framework to govern software enterprises under the Competition Act ; 5.2 How combinations can yield anticompetitive results? ; 5.3 Combinations in Software enterprises ; Conclusion and Suggestions ; Bibliography.
700 ## - ADDED ENTRY--PERSONAL NAME
Personal name Dr. Sairam Bhat - GuideDr. Sairam Bhat - Guide
856 ## - ELECTRONIC LOCATION AND ACCESS
Uniform Resource Identifier <a href="https://dans.nls.ac.in/handle/123456789/1848">https://dans.nls.ac.in/handle/123456789/1848</a>
Holdings
Withdrawn status Lost status Damaged status Not for loan Home library Current library Date acquired Total Checkouts Barcode Date last seen Price effective from Koha item type
        . . 09.02.2026   LLM390 09.02.2026 09.02.2026 Dissertation